|
|
|
|
| LEADER |
00000naa a2200000 a 4500 |
| 001 |
vtls011850038 |
| 003 |
SK-MaSNL |
| 005 |
20260302134127.0 |
| 008 |
210910|2011 xo |||||||||||||||||eng| |
| 015 |
|
|
|a SNBCL
|
| 035 |
|
|
|a (urnnbn)urn:nbn:sk:snk:ar-a0ar9r
|
| 035 |
|
|
|a urn:nbn:sk:snk-aaw5a4
|
| 035 |
|
|
|a (uuid)accc9366-99f3-4992-a077-34ac73ccbfc7
|
| 040 |
|
|
|a SNKBUCL
|b slo
|c SNKBUCL
|e AACR2
|
| 041 |
|
|
|a eng
|
| 044 |
|
|
|a xo
|c SK
|
| 100 |
1 |
|
|a Stipančić-Klaić, Ivanka
|4 aut
|9 821454
|
| 245 |
1 |
0 |
|a OUR FIRST INSIGHT IN SANGAKU PROBLEMS
|c Ivanka Stipančić-Klaić, Josipa Matotek
|
| 336 |
|
|
|a text
|b txt
|c rdacontent
|
| 337 |
|
|
|a bez média
|b n
|c rdamedia
|
| 338 |
|
|
|a zväzok
|b nc
|c rdacarrier
|
| 655 |
|
7 |
|a články zo zborníkov
|2 snkbucl
|9 166140
|
| 700 |
1 |
|
|a Matotek, Josipa
|4 aut
|9 821455
|
| 773 |
0 |
|
|t Zborník sympózia o počítačovej geometrii SCG' 2011
|d V Bratislave : Slovenská technická univerzita, 2011
|g S. 129-135
|z 9788022735803
|
| 958 |
|
|
|a OND
|
| 958 |
|
|
|a article26
|
| 958 |
|
|
|a chapter
|
| 999 |
|
|
|c 1320092
|d 1322022
|